Tvorivé úsilia Gábora Attalaia Majster maďarskej tapisérie

Bibliographic Details
Main Author: Zámocká, Hana (Author)
Format: Article
Language:Slovak
PhysicalDescription:Obr. 1.
Subjects:

MARC

LEADER 00000nab a2200000 a 4500
001 vtls000066056
003 SK-MaSNL
005 20260303025141.0
008 160202c1980 xo 0 slo
015 |a SNBRB19rr/mm-uuuuu 
035 |a CL0076156 
040 |a SNKBUCL  |b slo  |c SNKBUCL  |e AACR2 
041 0 |a slo 
044 |a xo  |c SK 
080 |a 745/749  |2 1981 
080 |a 92 Attalai, Gábor  |2 1981 
100 1 |a Zámocká, Hana  |4 aut  |9 596206 
245 1 0 |a Tvorivé úsilia Gábora Attalaia  |b Majster maďarskej tapisérie  |c Hana Zámocká 
300 |b Obr. 1. 
650 0 7 |a Attalai, Gábor  |2 snkbucl  |9 1009319 
650 0 7 |a tapisérie  |2 snkbucl  |9 30047 
655 7 |a články z novín a časopisov  |2 snkbucl  |9 267496 
773 0 |t Ľud  |g Roč. 33, č. 207 (2. 9. 1980), s. 5 
850 |a Slovenská národná knižnica v Martine  |a MTA001 
852 |a SNK  |b KIS3GCP 
958 |a RK 
958 |a HU 
992 |a RBX 
999 |c 1644690  |d 1646620